छायावाद की भाषर (काव्य शास्त्रीय दृष्टि से छायावादी काव्य के भाषा सौन्दर्य का अनुशीलन) (Record no. 337051)
[ view plain ]
| 000 -LEADER | |
|---|---|
| fixed length control field | 01128nam a2200253Ia 4500 |
| 003 - CONTROL NUMBER IDENTIFIER | |
| control field | OSt |
| 005 - DATE AND TIME OF LATEST TRANSACTION | |
| control field | 20220923220034.0 |
| 008 - FIXED-LENGTH DATA ELEMENTS--GENERAL INFORMATION | |
| fixed length control field | 220922b |||||||| |||| 00| 0 hin d |
| 037 ## - SOURCE OF ACQUISITION | |
| Terms of availability | Textual |
| 040 ## - CATALOGING SOURCE | |
| Original cataloging agency | ARTS |
| Transcribing agency | ARTS |
| Language of cataloging | hin |
| 041 ## - LANGUAGE CODE | |
| Source of code | hin |
| Language code of text/sound track or separate title | hin |
| 100 ## - MAIN ENTRY--PERSONAL NAME | |
| Personal name | गुप्त, रमेश चन्द्र |
| 245 #0 - TITLE STATEMENT | |
| Title | छायावाद की भाषर (काव्य शास्त्रीय दृष्टि से छायावादी काव्य के भाषा सौन्दर्य का अनुशीलन) |
| 246 ## - VARYING FORM OF TITLE | |
| Title proper/short title | Chhāyāvād kī bhāṣhar (kāvya shāstrīya dṛuṣhṭi se chhāyāvādī kāvya ke bhāṣhā saundarya kā anushīlana) |
| 260 ## - PUBLICATION, DISTRIBUTION, ETC. | |
| Place of publication, distribution, etc. | गढ मुक्तेश्वर |
| Name of publisher, distributor, etc. | पंकज पब्लि0 |
| Date of publication, distribution, etc. | 1984 |
| 300 ## - PHYSICAL DESCRIPTION | |
| Extent | 308 पृ. |
| Dimensions | cm. |
| 650 ## - SUBJECT ADDED ENTRY--TOPICAL TERM | |
| Topical term or geographic name entry element | हिन्दी साहित्य |
| 9 (RLIN) | 156264 |
| 942 ## - ADDED ENTRY ELEMENTS (KOHA) | |
| Classification part | O152,1N2:g(P), M4 |
| Koha item type | Textual |
| Source of classification or shelving scheme | Colon Classification (CC) |
| Withdrawn status | Lost status | Damaged status | Not for loan | Home library | Current library | Date acquired | Total Checkouts | Full call number | Barcode | Date last seen | Price effective from | Koha item type |
|---|---|---|---|---|---|---|---|---|---|---|---|---|
| Arts Library | Arts Library | 2022-09-23 | O152,1N2:g(P) M4 | AL0887852 | 2022-09-23 | 2022-09-23 | Textual |
